Sports car - Tate McRae - All Lyrics - Statistics

General Stats
  • This quiz has been taken 241 times
  • The average score is 296 of 357
Answer Stats
Answer % Correct
a
97%
(Ah)
97%
I
97%
mm)
97%
Oh,
97%
(Oh)
97%
Oh
97%
uh
97%
uh)
97%
uh-uh
97%
(Uh-uh,
97%
uh-uh,
97%
you
96%
You
96%
you)
96%
(You
96%
go
94%
go)
94%
car
93%
sports
93%
We
93%
we
93%
(We
93%
can
92%
Hey,
92%
Yeah,
92%
in
91%
In
91%
it
91%
know
91%
is
90%
me
90%
this
90%
do
89%
my
89%
(My
89%
real
89%
what
89%
no
88%
No,
88%
(No)
88%
of
88%
Take
88%
take
88%
drive
87%
got
87%
Got
87%
While
87%
far
84%
mine
84%
off
84%
the
83%
think
83%
(Think
83%
wanna
83%
wanna)
83%
wanna,
83%
jeans
82%
but
81%
But
81%
On
81%
on
81%
I'm
79%
Mrs.
79%
your
79%
don't
78%
ain't
76%
time
76%
time)
76%
can't
75%
cute
74%
more,
74%
at
73%
goin'
72%
knees
71%
lookin'
71%
back
70%
eyes
70%
room
70%
waste
70%
you're
70%
down
69%
gee
69%
ride
69%
And
68%
and
68%
Let's
68%
(Let's
68%
weak
68%
golly
67%
make
67%
seat
67%
So
67%
hazel
66%
own
66%
windows
66%
beach
65%
those
65%
bed
64%
choose
64%
one
64%
Boy,
63%
corner
63%
good
63%
share
63%
maybe
62%
did
61%
With
61%
center
60%
could
60%
rolled
60%
put
59%
keys?
58%
streetlights
57%
like
56%
Where'd
56%
before
55%
alley,
54%
blue
54%
right
54%
'bout
53%
hurts
53%
verse
53%
again
51%
butterflies
51%
Pretty
51%
Thinkin'
49%
feels
48%
times
46%
three,
44%
four
43%
type
40%
guy
39%
if
36%
No matching quizzes found
Score Distribution
Percent of People with Each Score
Percentile by Number Answered
Your Score History
You have not taken this quiz